Pothwoys experiences in science / (Registro nro. 13191)

Detalles MARC
000 -LIDER
fixed length control field 00515nam a22001817a 4500
003 - IDENTIFICACDOR DE NÚMERO DE CONTROL
control field DO-SdBNP
005 - DATE AND TIME OF LATEST TRANSACTION
control field 20171129084809.0
008 - ELEMENTOS DE LONGITUD FIJA
fixed length control field 171129b xxu||||| |||| 00| 0 spa d
020 ## - ISBN
International Standard Book Number 0878957502
040 ## - FUENTE DE CATALOGACIÓN
Agencia que crea de manera original el registro BPMSU
Idioma de catalogación spa
Agencia que realiza la transcripción BPMSU
100 1# - ASIENTO PRINCIPAL -- NOMBRE PERSONAL
Nombre personal Blaustein , elliott
245 ## - MENCIÓN DE TITULO
Título Pothwoys experiences in science /
Mención de responsabilidad Elliott Blaustein
260 ## - PUBLICACIÓN, DISTRIBUCIÓN, ETC. (PIE DE IMPRENTA)
Lugar de publicación, distribución, etc Cleveland
Nombre del editor, distribuidor, etc. Modern Curriculum Press
Fecha de publicación, distribución, etc 1974
300 ## - DESCRIPCIÓN FÍSICA
Extensión 248 p,
Otros detalles físicos il.
Dimensiones 24 cm
942 ## - ADDED ENTRY ELEMENTS (KOHA)
Source of classification or shelving scheme Dewey Decimal Classification
Koha item type Libros
945 ## - INFORMACIÓN DE PROCESAMIENTO LOCAL
Información de procesamiento local inventariado extranjero / DG
956 ## - LOCAL ELECTRONIC LOCATION AND ACCESS (OCLC)
Nombre de host dgarcia
Número de acceso 10
Existencias
Withdrawn status Lost status Source of classification or shelving scheme Damaged status Not for loan Collection code Home library Current library Date acquired Source of acquisition Total Checkouts Barcode Date last seen Price effective from Koha item type
    Dewey Decimal Classification     Colección General Biblioteca Pública Metropolitana Salomé Ureña Biblioteca Pública Metropolitana Salomé Ureña 11/29/2017 Donado   BPMSU17110519 11/29/2017 11/29/2017 Libros